Die kunst Indiens (Record no. 7175)
[ view plain ]
| 000 -CABECERA | |
|---|---|
| campo de control de longitud fija | 00823nam a2200253 a 4500 |
| 001 - NÚMERO DE CONTROL | |
| campo de control | BRCA_7500 |
| 005 - FECHA Y HORA DE LA ÚLTIMA TRANSACCIÓN | |
| campo de control | 20190320205848.0 |
| 008 - DATOS DE LONGITUD FIJA--INFORMACIÓN GENERAL | |
| campo de control de longitud fija | 300413s192u----gw-a######---#000-0#ger-# |
| 041 ## - CÓDIGO DE LENGUA | |
| Código de lengua del texto/banda sonora o título independiente | ger |
| 044 ## - CÓDIGO DEL PAÍS DE LA ENTIDAD EDITORA/PRODUCTORA | |
| Código MARC del país | gw |
| 050 #4 - SIGNATURA TOPOGRÁFICA DE LA BIBLIOTECA DEL CONGRESO | |
| Número de clasificación | N7301 |
| Número de documento/Ítem | .D54 1920 |
| 100 1# - ENTRADA PRINCIPAL--NOMBRE DE PERSONA | |
| Nombre de persona | Diez, Ernst |
| Fechas asociadas al nombre | 1878-1961 |
| 9 (RLIN) | 18476 |
| 245 10 - MENCIÓN DE TÍTULO | |
| Título | Die kunst Indiens |
| Mención de responsabilidad, etc. | von Ernst Diez ; begründet von Fritz Burger ; herausgegeben von A. E. Brinckmann. |
| 260 ## - PUBLICACIÓN, DISTRIBUCIÓN, ETC. | |
| Lugar de publicación, distribución, etc. | Alemania |
| Nombre del editor, distribuidor, etc. | Akademische Verlagsgesellschaft Athenaion |
| Fecha de publicación, distribución, etc. | [192-?] |
| 300 ## - DESCRIPCIÓN FÍSICA | |
| Extensión | 193 p. |
| Otras características físicas | il. (algunas a color), 13 láminas, mapas |
| Dimensiones | 29 cm. |
| 440 #0 - MENCIÓN DE SERIE/PUNTO DE ACCESO ADICIONAL--TÍTULO | |
| Título | Handbuch der Kunstwissenschaft |
| 9 (RLIN) | 18477 |
| 500 ## - NOTA GENERAL | |
| Nota general | R30 |
| 650 14 - PUNTO DE ACCESO ADICIONAL DE MATERIA--TÉRMINO DE MATERIA | |
| Término de materia o nombre geográfico como elemento de entrada | Arte |
| Subdivisión geográfica | India |
| 9 (RLIN) | 18478 |
| 651 #4 - PUNTO DE ACCESO ADICIONAL DE MATERIA--NOMBRE GEOGRÁFICO | |
| Nombre geográfico | India |
| Subdivisión general | Civilización |
| 9 (RLIN) | 18479 |
| 700 1# - PUNTO DE ACCESO ADICIONAL--NOMBRE DE PERSONA | |
| Nombre de persona | Burger, Fritz |
| 9 (RLIN) | 18480 |
| 700 1# - PUNTO DE ACCESO ADICIONAL--NOMBRE DE PERSONA | |
| Nombre de persona | Brinckmann, A. E. |
| Término indicativo de función/relación | ed. |
| 9 (RLIN) | 18481 |
| 902 ## - CATALOGADOR | |
| Iniciales | GFM |
| 942 ## - ELEMENTOS DE PUNTO DE ACCESO ADICIONAL (KOHA) | |
| Fuente del sistema de clasificación o colocación | Library of Congress Classification |
| Tipo de ítem Koha | Libros |
| Estado de retiro | Estado de pérdida | Estado dañado | No para préstamo | Localización permanente | Ubicación/localización actual | Fecha de adquisición | Número de inventario | Total de préstamos | Signatura topográfica completa | Código de barras | Fecha visto por última vez | Precio válido a partir de | Tipo de ítem Koha |
|---|---|---|---|---|---|---|---|---|---|---|---|---|---|
| El ejemplar forma parte de la colección y puede ser consultado según las políticas vigentes. | Biblioteca del Museo Franz Mayer (Rogerio Casas-Alatriste) | Biblioteca del Museo Franz Mayer (Rogerio Casas-Alatriste) | 30/04/2013 | R30 | N7301 .D54 1920 (R30) | 8104 | 22/03/2019 | 22/03/2019 | Libros |